| 000 | 00732nam a2200217Ii 4500 | ||
|---|---|---|---|
| 003 | JO-AjNU | ||
| 008 | 230605s9999||||xx |||||||||||||| ||und|| | ||
| 017 | _a2007/8/2525 | ||
| 040 |
_aJO-AjNU _bara _erda _cJO-AjNU |
||
| 041 | _aara | ||
| 050 | 1 | 4 | _aRJ502.3.B887 2008 |
| 100 | 3 |
_aبطرس، بطرس حافظ , _eauthor _945070 |
|
| 245 | 0 | 0 | _aالتكيف والصحة النفسية للطفل |
| 250 | _aط1 | ||
| 264 | 3 | 1 | _aعمان :دار المسيرة للنشر والتوزيع ،2008 |
| 300 | _a576ص | ||
| 336 |
_atext _btxt _2rdacontent |
||
| 337 |
_aunmediated _bn _2rdamedia |
||
| 338 |
_avolume _bnc _2rdacarrier |
||
| 650 | 4 |
_aسيكولوجية الطفولة-الاطفال-رعاية الطفوله _945071 |
|
| 999 |
_aA19510 _c23078 _d23078 |
||